000 00641nam a2200241Ia 4500
003 OSt
005 20221005031629.0
006 a|||||r|||| 00| 0
007 ta
008 221004b |||||||| |||| 00| 0 tam d
024 _a63708
037 _cTextual
040 _aCRL
_cCRL
_btam
041 _2tam
_atam
082 _aJ93, 31J5
100 _aS.K.Ganapathi Iyar Au.
_9584054
245 0 _aKaikari Payir Murai
260 _aChennai
_bKalaimagal Kariyalayam India
_c1955
300 _a117p.
_ccm.
650 _aAGRICULTURE
942 _hJ93, 31J5
_cTEXL
_2cc
999 _c938141
_d938141